LEADER 03315nam a2200325 i 4500 001 000000030379 003 CaOOAMICUS 005 20230420101442.0 008 180830s17301732ch u000 u grc u 040 $aSeMil$bita 041 $agrc$alat 130 0 $aBibbia. Antico Testamento.$0(OLS)http://semarc/title/440679 245 10$aHe Palaia Diatheke kata tous Hebdomekonta. Vetus Testamentum ex versione Septuaginta interpretum olim ad fidem codicis ms. Alexandrini summo studio & incredibili diligentia expressum, emendatum ac suppletum à Joanne Ernesto Grabe S.T.P. Nunc vero exemplaris Vaticani Aliorumque mss. codd lectionibus var. nec non criticis dissertationibus illustratum, insigniterque locupletatum. Summa cura edidit Joannes Jacobus Breitingerus. Tomus 1. [-4.]. 264 1$aTiguri Helvetiorum :$bEx Officina Joannis Heideggeri & Soc.,$c1730-1732. 300 $a4 v. ;$c4°. 500 $aMarca calcogr. non censita (Motto: Iuvat integros accedere fontes) sui front. dei v. 1. e 3., stampati in rosso e nero 500 $aTesto su due colonne 500 $aIniz., finalini xilogr. 500 $aNei vol. 1., 3. antiporta calcogr. disegnata da Simler ed incisa da Locman 500 $aVignetta calcogr. (Due facce di una moneta di epoca tolemaica) sui front. dei v. 2. e 4 700 1 $aGrabe, Johann Ernst,$d<1666-1711>.$0(OLS)http://semarc/name/13967 700 1 $aBreitinger, Johann Jakob.$0(OLS)http://semarc/name/13968 710 0 $aHeidegger & Co.$c.$0(OLS)http://semarc/name/13969 774 0 $tTomus 1.$g1$w()232230 774 0 $t2: Vetus Testamentum ex versione septuaginta interpretum olim ad fidem codicis ms. Alexandrini summo studio & incredibili diligentia expressum, emendatum ac suppletum à Joanne Ernesto Grabe S.T.P. Nunc vero diversis Vaticani exemplaris lectionibus aliisque accessionibus insigniter locupletatum. Summa cura edidit Joannes Jacobus Breitingerus.$g2$w()232231 774 0 $t3: Vetus Testamentum ex versione Septuaginta interpretum olim ad fidem codicis ms. Alexandrini summo studio & incredibili diligentia expressum, emendatum ac suppletum a Joanne Ernesto Grabe S.T.P. Nunc vero diversis Vaticani exemplaris lectionibus aliisque accessionibus insigniter locupletatum. Summa cura edidit Joannes Jacobus Breitingerus.$g3$w()232232 774 0 $t4: Vetus Testamentum ex versione Septuaginta interpretum olim ad fidem codicis ms. Alexandrini summo studio & incredibili diligentia expressum, emendatum ac suppletum a Joanne Ernesto Grabe S.T.P. Nunc vero diversis Vaticani exemplaris lectionibus aliisque accessionibus insigniter locupletatum. Summa cura edidit Joannes Jacobus Breitingerus.$g4$w()232233 996 $6245$aHe Palaia Diatheke kata tous Hebdomekonta. Vetus Testamentum ex versione Septuaginta interpretum olim ad fidem codicis ms. Alexandrini summo studio & incredibili diligentia expressum, emendatum ac suppletum à Joanne Ernesto Grabe S.T.P. Nunc vero exemplaris Vaticani Aliorumque mss. codd lectionibus var. nec non criticis dissertationibus illustratum, insigniterque locupletatum. Summa cura edidit Joannes Jacobus Breitingerus. Tomus 1. [-4.]$9(OLS)http://semarc/title/41353 996 $6264$aTiguri Helvetiorum :$bEx Officina Joannis Heideggeri & Soc.$9(OLS)http://semarc/publisher/38515 LEADER 00865nam a2200193 i 4500 001 000000112318 003 CaOOAMICUS 005 20031219000000.0 008 031219n it u000 u mul u 013 $a85002 040 $aSeMil$bita 245 10$aVol. 1. 300 $a149, XXXIX, 395 p., [3] c. di tav + [1] allegato ;$c46x68 cm. 500 $aIn Allegato : Antica Diocesi di Como colle attuali province comasca, valtellinese e Cantone Ticino per la visita Pastorale Ninguarda, pubblicata ed annotata dal S. Monti Santo [carta geografica]. 773 0 $tAtti della visita pastorale diocesana di Feliciano Ninguarda (1589-1593).$dComo : New Press $gVol.1$w()8620 850 $aSeMil 852 $aSeMil$W1$xVenegono$y1$m3G I 65$j68081$B68081$CSeMilBibl$Z2$F77967 $81 961 $aOmaggio: Prina don Costantino 996 $6245$aVol. 1$9(OLS)http://semarc/title/13429